Llwytho...

Novelum Rashtriyavum

Manylion Llyfryddiaeth
Prif Awdur: Vasudevanpillai .M.M
Fformat: Printed Book
Iaith:Malayalam
Cyhoeddwyd: Thrissur Kerala Sahithya Academi Thrissur Kerala Sahithya Academi 1991
LEADER 00511nam a2200121Ia 4500
008 111205s9999 xx 000 0 mal d
100 |a Vasudevanpillai .M.M. 
245 |a Novelum Rashtriyavum  |c Vasudevanpillai .M.M. 
260 |b Thrissur Kerala Sahithya Academi  |a Thrissur Kerala Sahithya Academi  |c 1991 
300 |a 168 
942 |c BK 
999 |c 223379  |d 223379 
952 |0 0  |1 0  |2 ddc  |4 0  |6 853_090000000000000_VAS_N  |7 0  |9 246647  |a MAL  |b MAL  |c ST1  |d 1972-07-19  |g 24.00  |l 1  |o 853.09 VAS/N  |p MAL23422  |r 2018-04-20  |s 2017-11-24  |v 24.00  |w 2011-12-05  |y BK